|
003 -Nazwa inst., której nr kontr. jest w polu 001 [,]
|
-
- @
- Nazwa instytucji, której n kontrolny jest w polu 001
- NUKAT
|
|
005 -DATA I CZAS OSTATNIEJ MODYFIKACJI [,]
|
-
- @
- pole kontrolne
- 20241231090835.0
|
|
020 -Międzynarod. znormalizowany nr książki - ISBN [ , ]
|
-
- a
- Numer ISBN
- 9788376609997
|
|
040 -Instytucja sporządzająca opis [ , ]
|
-
- a
- Instytucja, która sporządziła opis (NP)
- KIEL 010/GA
-
- c
- Instytucja, która sporządziła rekord (NP)
- KIEL 010/GA
-
- d
- Instytucja, która zmodyfikowała rekord (P)
- KIEL 010/GA
-
- d
- Instytucja, która zmodyfikowała rekord (P)
- WA M/AH
-
- d
- Instytucja, która zmodyfikowała rekord (P)
- KR U/ABs
|
|
041 -Język dokumentu [1, ]
|
-
- a
- Język tekstu (P)
- polski
-
- h
- Język tekstu oryginalnego i/lub pośredniego (P)
- hiszpański
|
|
942 -Rodzaj dokumentu [ , ]
|
-
- c
- Rodzaj dokumentu
- Książka
|
|
080 -Uniwersalna Klasyfikacja Dziesiętna [ , ]
|
-
- 2
- Identyfikator wydania tablic
- UDC-P058
-
-
- a
- Symbol klasyfikacji
- 37.091.33
-
- b
- Dopowiedzenie
- Metody nauczania. Kursy. Odczyty. Wykłady. Drama. Sugestopedia. Metody aktywizujące itd.
|
|
080 -Uniwersalna Klasyfikacja Dziesiętna [ , ]
|
-
- 2
- Identyfikator wydania tablic
- UDC-P058
-
-
- a
- Symbol klasyfikacji
- 373.2
-
- b
- Dopowiedzenie
- Wychowanie przedszkolne. Nauczanie przedszkolne.
|
|
080 -Uniwersalna Klasyfikacja Dziesiętna [ , ]
|
-
- 2
- Identyfikator wydania tablic
- UDC-P058
-
-
- a
- Symbol klasyfikacji
- 373.3
-
- b
- Dopowiedzenie
- Szkolnictwo podstawowe.
|
|
650 -Hasło przedmiotowe [ ,7]
|
-
- a
- Hasło przedmiotowe
- Gry edukacyjne
-
- v
- Określnik formalny
- poradniki.
-
-
|
|
650 -Hasło przedmiotowe [ ,7]
|
-
- a
- Hasło przedmiotowe
- Nauczanie przedszkolne
-
- x
- Określnik rzeczowy
- metody aktywne
-
- v
- Określnik formalny
- poradniki.
-
-
|
|
650 -Hasło przedmiotowe [ ,7]
|
-
- a
- Hasło przedmiotowe
- Edukacja we wczesnym dzieciństwie
-
- x
- Określnik rzeczowy
- metody aktywne
-
- v
- Określnik formalny
- poradniki.
-
-
|
|
650 -Hasło przedmiotowe [ ,7]
|
-
- a
- Hasło przedmiotowe
- Zajęcia aktywizujące
-
- v
- Określnik formalny
- zadania i ćwiczenia.
-
-
|
|
650 -Hasło przedmiotowe [ ,7]
|
-
- a
- Hasło przedmiotowe
- Wychowanie przedszkolne
-
- v
- Określnik formalny
- poradniki.
-
-
|
|
980 -Symbol UKD [ , ]
|
-
- a
- UKD
- 37.091.33:373.2:373.3
|
|
700 -Hasło dodatkowe - nazwa osobowa [1, ]
|
-
- a
- Nazwa osobowa (NP)
- Millán, Julia.
-
|
|
700 -Hasło dodatkowe - nazwa osobowa [1, ]
|
-
- a
- Nazwa osobowa (NP)
- Vidal, José A.
-
|
|
700 -Hasło dodatkowe - nazwa osobowa [1, ]
|
-
- a
- Nazwa osobowa (NP)
- Artero, Roberto.
-
- e
- Określenie rodzaju współpracy
- Il.
-
|
|
700 -Hasło dodatkowe - nazwa osobowa [1, ]
|
-
- a
- Nazwa osobowa (NP)
- Clariana, Anna
-
- d
- Daty biograficzne (NP)
- (1958- ).
-
- e
- Określenie rodzaju współpracy
- Il.
-
|
|
700 -Hasło dodatkowe - nazwa osobowa [1, ]
|
-
- a
- Nazwa osobowa (NP)
- Nieto, Montserrat.
-
- e
- Określenie rodzaju współpracy
- Il.
-
|
|
700 -Hasło dodatkowe - nazwa osobowa [1, ]
|
-
- a
- Nazwa osobowa (NP)
- Gajos, Katarzyna.
-
- e
- Określenie rodzaju współpracy
- Tł.
-
|
|
700 -Hasło dodatkowe - nazwa osobowa [1, ]
|
-
- a
- Nazwa osobowa (NP)
- Skibicka, Emilia.
-
- e
- Określenie rodzaju współpracy
- Tł.
-
|
|
700 -Hasło dodatkowe - nazwa osobowa [1, ]
|
-
- a
- Nazwa osobowa (NP)
- Sikora-Zachariasz, Karolina.
-
- e
- Określenie rodzaju współpracy
- Tł.
-
|
|
710 -Hasło dodatkowe - nazwa ciała zbiorowego [2, ]
|
-
- a
- Nazwa ciała zbiorowego lub nazwa geograficzna jako pierwszy element (NP)
- Wydawnictwo Jedność.
-
-
|